000 00702nam a2200241Ia 4500
003 OSt
005 20221002052218.0
006 a|||||r|||| 00| 0
007 ta
008 220930b |||||||| |||| 00| 0 eng d
024 _a42061
037 _cReference Collections
040 _aCRL
_cCRL
_beng
041 _2eng
_aeng
082 _aO111,73x, M9(RR)
100 _aMcMahan Elizabeth and others
_9573418
245 0 _aLiterature and the writing process
260 _aNew York
_bMacmillan
_c1989
300 _axxiv, 1126p
_ccm.
650 _aENGLISH LITERATURE
942 _hO111,73x, M9(RR)
_cref
_2CC
999 _c918956
_d918956